Sử gia Tư Mã Thiên
Viết về cuộc đời thân thế và sự nghiệp của nhà viết sử nổi tiếng Trung Quốc Tư Mã Thiên.
Đã lưu trong:
| Tác giả chính: | |
|---|---|
| Định dạng: | Sách |
| Năm xuất bản: |
H.
Hà Nội
1999
|
| Chủ đề: | |
| Tags: |
Thêm thẻ
Không có thẻ, Hãy là người đầu tiên gắn thẻ bản ghi này!
|
| LEADER | 01135nam a2200205 4500 | ||
|---|---|---|---|
| 082 | |a 951.092 |b TR120TR | ||
| 100 | |a Trần Trọng Sâm | ||
| 245 | |a Sử gia Tư Mã Thiên |c Trần Trọng Sâm ( biên dịch) | ||
| 260 | |a H. |b Hà Nội |c 1999 | ||
| 300 | |a 170 tr. |c 19 cm | ||
| 520 | |a Viết về cuộc đời thân thế và sự nghiệp của nhà viết sử nổi tiếng Trung Quốc Tư Mã Thiên. | ||
| 653 | |a Lịch sử | ||
| 653 | |a Trung Quốc | ||
| 653 | |a Nhà sử học | ||
| 653 | |a Tư Mã Thiên | ||
| 942 | |2 ddc |c STK0 | ||
| 999 | |c 2792 |d 2792 | ||
| 952 | |0 0 |1 0 |2 ddc |4 0 |6 951_092000000000000_TR120TR |7 1 |8 900 |9 33329 |a qbu |b qbu |c D5 |d 2014-12-15 |g 15000 |o 951.092 TR120TR |p 4062.C1 |r 0000-00-00 |w 2014-12-15 |y STK0 |0 0 |6 951_092000000000000_TR120TR | ||
| 952 | |0 0 |1 0 |2 ddc |4 0 |6 951_092000000000000_TR120TR |7 0 |8 900 |9 33330 |a qbu |b qbu |c D5 |d 2014-12-15 |g 15000 |o 951.092 TR120TR |p 4062.C2 |r 0000-00-00 |w 2014-12-15 |y STK0 |0 0 |6 951_092000000000000_TR120TR | ||
| 952 | |0 0 |1 0 |2 ddc |4 0 |6 951_092000000000000_TR120TR |7 0 |8 900 |9 33331 |a qbu |b qbu |c D5 |d 2014-12-15 |g 15000 |o 951.092 TR120TR |p 4062.C3 |r 0000-00-00 |w 2014-12-15 |y STK0 |0 0 |6 951_092000000000000_TR120TR | ||